000 00695nam a2200253 4500
001 13016
003 http://catalogue.bnf.fr/ark:/12148/cb46562625w
010 _a9782807102576
090 _a13016
100 _a20200629d m y0frey50 ba
101 0 _afre
102 _aBE
105 _a||||z 00|||
181 0 _601
_ai
_bxxxe
181 _602
_ctxt
_2rdacontent
182 0 _601
_an
182 _602
_cn
_2rdamedia
200 1 _aDchèquématte
_bLIVR
214 0 _cLansman éditeur
_d2019
214 0 _aCarnières (Belgique)
225 1 _aThéâtre à vif
_v435
323 _a14 personnages
700 _aMattei
_bMarilyn
801 0 _aFR
_bFR-751131015
_c20200629
_gAFNOR
_hFRBNF465626250000001